header

Psychoanalysis and developmental therapy (Record no. 221573)

MARC details
000 -LEADER
fixed length control field 01795nam a2200385 a 4500
245 00 - TITLE STATEMENT
Title Psychoanalysis and developmental therapy
260 ## - PUBLICATION, DISTRIBUTION, ETC. (IMPRINT)
Place of publication London :
Name of publisher Karnac Books,
Year of publication 1998.
300 ## - PHYSICAL DESCRIPTION
Number of Pages xvii, 237 p. :
Other physical details ill.
490 1# - SERIES STATEMENT
Series statement Monograph series of the Psychoanalysis Unit of University College, London and the Anna Freud Centre ;
505 0# - FORMATTED CONTENTS NOTE
Formatted contents note pt. 1. Theoretical background -- pt. 2. Clinical work with children -- pt. 3. Clinical and educational interventions in work with children.
650 #0 - SUBJECT ADDED ENTRY--TOPICAL TERM
Topical Term Psychoanalysis.
Topical Term Child analysis.
Topical Term Developmental therapy.
Topical Term Developmental therapy for children.
700 1# - ADDED ENTRY--PERSONAL NAME
Personal name Hurry, Anne.
Personal name Baradon, Tessa.
Personal name Sandler, Anne-Marie.
856 40 - ELECTRONIC LOCATION AND ACCESS
Uniform Resource Identifier http://site.ebrary.com/lib/rucke/Doc?id=10477705

No items available.

© 2026 Rongo University
Contact us: librarian | system librarian | Rongo university